00889nam a2200169 a 450000100100000000500170001000800410002704000250006810000270009324500570012026000330017730000350021050002330024571000410047895201830051999900170070200004628020201002052746.0150715s2003 dr 000 0 spa d aDO-SdBNPbspacBNPHU1 aBáez, Higinio93862310aPor una república democrática /cHiginio Báez. aSanto Domingo :bMPD,c2003. a34 p. :bil., retrs. ;c21 cm. aDiscurso pronunciado por Higinio Báez en el acto político realizado el 23 de febrero del 2003, a proposito del 14 aniversario del Movimiento Popular Dominicano (M.P.D.) y la clausura del cuarto congreso Osvaldo Torres (FURI)2 aMovimiento Popular Dominicano974298 0010718PDaPDbPDcHDd2015-07-15iLF1l0o p46280-10r2020-06-25w2020-06-25yLFPDzPerteneció a la biblioteca personal de Chiqui Vicioso / Fidelio Despradel.ZNo se presta c45769d45769